Kshitija-dharma (Record no. 98002)

MARC details
000 -LEADER
fixed length control field 00790nam a2200265Ia 4500
003 - CONTROL NUMBER IDENTIFIER
control field OSt
005 - DATE AND TIME OF LATEST TRANSACTION
control field 20250711110438.0
008 - FIXED-LENGTH DATA ELEMENTS--GENERAL INFORMATION
fixed length control field 210210b1992 xxu||||| |||| 00| 0 eng d
040 ## - CATALOGING SOURCE
Transcribing agency AL
041 ## - LANGUAGE CODE
Language code of text/sound track or separate title Kannada
082 ## - DEWEY DECIMAL CLASSIFICATION NUMBER
Classification number K894.301 ASHK
100 ## - MAIN ENTRY--PERSONAL NAME
Personal name ASHOKA PRABHAKARA MOTE.
Dates associated with a name ಅಶೋಕ ಪ್ರಭಾಕರ ಮೋಟೆ
9 (RLIN) 218201
245 ## - TITLE STATEMENT
Title Kshitija-dharma
Remainder of title ಕ್ಷಿತಿಜ-ಧರ್ಮ
260 ## - PUBLICATION, DISTRIBUTION, ETC.
Place of publication, distribution, etc. Dharavada
Name of publisher, distributor, etc. Manohara Granthamala
Date of publication, distribution, etc. 1992
300 ## - PHYSICAL DESCRIPTION
Extent viii,112
650 ## - SUBJECT ADDED ENTRY--TOPICAL TERM
Topical term or geographic name entry element tr
9 (RLIN) 218202
650 ## - SUBJECT ADDED ENTRY--TOPICAL TERM
Topical term or geographic name entry element Shila
9 (RLIN) 218203
650 ## - SUBJECT ADDED ENTRY--TOPICAL TERM
Topical term or geographic name entry element Kshitija-dharma.
9 (RLIN) 218204
650 ## - SUBJECT ADDED ENTRY--TOPICAL TERM
Topical term or geographic name entry element by
9 (RLIN) 218205
650 ## - SUBJECT ADDED ENTRY--TOPICAL TERM
Topical term or geographic name entry element Ankola.
9 (RLIN) 218206
690 ## - LOCAL SUBJECT ADDED ENTRY--TOPICAL TERM (OCLC, RLIN)
Topical term or geographic name as entry element Kannada Fiction
9 (RLIN) 218207
700 ## - ADDED ENTRY--PERSONAL NAME
Personal name Shila Ankola.
Dates associated with a name ಶೀಲಾ ಅಂಕೋಲಾ tr.
9 (RLIN) 218208
906 ## - LOCAL DATA ELEMENT F, LDF (RLIN)
a 049265
942 ## - ADDED ENTRY ELEMENTS (KOHA)
Source of classification or shelving scheme Dewey Decimal Classification
Koha item type Book
Holdings
Withdrawn status Lost status Source of classification or shelving scheme Damaged status Not for loan Collection code Home library Current library Shelving location Date acquired Cost, normal purchase price Total Checkouts Full call number Barcode Date last seen Price effective from Koha item type
    Dewey Decimal Classification     Kannada St Aloysius Library St Aloysius Library   02/17/2021 25.00   K894.301 ASHK 049265 02/17/2021 02/17/2021 Book